<?xml version="1.0" encoding="UTF-8"?>
<record
    xmlns:xsi="http://www.w3.org/2001/XMLSchema-instance"
    xsi:schemaLocation="http://www.loc.gov/MARC21/slim http://www.loc.gov/standards/marcxml/schema/MARC21slim.xsd"
    xmlns="http://www.loc.gov/MARC21/slim">

  <leader>01949agaaa2200301   4500</leader>
  <controlfield tag="001">5223</controlfield>
  <controlfield tag="003">IT-RoPAU</controlfield>
  <controlfield tag="005">20220918181256.0</controlfield>
  <controlfield tag="007">d cvaizq</controlfield>
  <controlfield tag="008">50131s9999||||xx ||| |     ||   ||und||</controlfield>
  <datafield tag="040" ind1=" " ind2=" ">
    <subfield code="a">IT-RoPAU</subfield>
    <subfield code="c">IT-RoPAU</subfield>
  </datafield>
  <datafield tag="041" ind1=" " ind2=" ">
    <subfield code="a">ITALIANO</subfield>
  </datafield>
  <datafield tag="100" ind1=" " ind2=" ">
    <subfield code="a">Manfio Sergio</subfield>
    <subfield code="g">Codice regista SPICS: 55764</subfield>
    <subfield code="9">51372</subfield>
  </datafield>
  <datafield tag="130" ind1=" " ind2=" ">
    <subfield code="a">CUCCIOLI (3)</subfield>
    <subfield code="9">51373</subfield>
  </datafield>
  <datafield tag="245" ind1=" " ind2=" ">
    <subfield code="a">CUCCIOLI (3)</subfield>
    <subfield code="c">Prodotto da: Campedelli Pietro -- Sceneggiatura: Manfio Francesco E Sergio -- Diretto da: Manfio Sergio</subfield>
    <subfield code="p">CUCCIOLI (3) (Rif. Codice opera principale : H5223)</subfield>
  </datafield>
  <datafield tag="250" ind1=" " ind2=" ">
    <subfield code="a">Edizione Standard</subfield>
  </datafield>
  <datafield tag="260" ind1=" " ind2=" ">
    <subfield code="a">(ITALIA)</subfield>
    <subfield code="b">RAI FICTION - AGOGO - ALPHANIM - AGOGO / Distribuzione: MULTIMEDIA SAN PAOLO</subfield>
    <subfield code="g">"2003 (1&#xB0; ed.: 2004 ; Ed. Lingua Orig.: 2003)"</subfield>
  </datafield>
  <datafield tag="300" ind1=" " ind2=" ">
    <subfield code="a">DVD</subfield>
    <subfield code="b">sonoro, col.</subfield>
    <subfield code="c">62 minuti</subfield>
  </datafield>
  <datafield tag="508" ind1=" " ind2=" ">
    <subfield code="a">"Sceneggiatura: Manfio Francesco E Sergio; Soggetto: Manfio Sergio -- Manfio Francesco"</subfield>
  </datafield>
  <datafield tag="520" ind1=" " ind2=" ">
    <subfield code="a">LE AVVENTURE DI SEI SCATENATI, SIMPATICISSIMI CUCCIOLI CHE COMPIONO UN LUNGO VIAGGIO DALL'AUSTRALIA FINO A VENEZIA. DIVA LA PAPERA VANITOSA, LA SAGGIA GATTINA OLLY, CILINDRO IL CONIGLIO ATLETA, IL FLEMMATICO CAGNOLINO PORTATILE, IL RANOCCHIO-ATTORE PIO E INFINE SENZANOME, IL PULCINO CHE RISOLVE I LORO GUAI: TUTTI DIVERSI MA AMICI PER LE PIUME. COLLANA DI 5 DVD. IN QUESTO DVD CI SONO I SEGUENTI EPISODI: 1 L'URLO DI TARZAN. - 2 - SULLE TRACCE DI ROBINSON. 3 - LA PROVA DI CORAGGIO. 4 - IL VERSO DEL TUCANO. 5 - E VISSERO FELICI E CONTENTI.EXTRA: DANILO MAINARDI E SERGIO MANFIO RACCONTANO E SPIEGANO LA VITA DEGLIANIMALI INCONTRATI DAI PROTAGONISTI.</subfield>
  </datafield>
  <datafield tag="538" ind1=" " ind2=" ">
    <subfield code="a">PAL, STEREO</subfield>
  </datafield>
  <datafield tag="546" ind1=" " ind2=" ">
    <subfield code="a">ITALIANO</subfield>
  </datafield>
  <datafield tag="650" ind1=" " ind2=" ">
    <subfield code="a">ANIMAZIONE</subfield>
    <subfield code="e">DVD-FILM [DVD]</subfield>
    <subfield code="x">Codice MATERIA SPICS: 9947</subfield>
    <subfield code="9">51374</subfield>
  </datafield>
  <datafield tag="700" ind1=" " ind2=" ">
    <subfield code="a">Manfio Francesco </subfield>
    <subfield code="e">(soggetto)</subfield>
    <subfield code="g">Codice Soggetto 2&#xB0; SPICS: 57746</subfield>
    <subfield code="9">51375</subfield>
  </datafield>
  <datafield tag="700" ind1=" " ind2=" ">
    <subfield code="a">Manfio Sergio </subfield>
    <subfield code="e">(regista)</subfield>
    <subfield code="g">Codice regista SPICS: 55764</subfield>
    <subfield code="9">51376</subfield>
  </datafield>
  <datafield tag="700" ind1=" " ind2=" ">
    <subfield code="a">Manfio Sergio </subfield>
    <subfield code="e">(soggetto)</subfield>
    <subfield code="g">Codice Soggetto SPICS: 55764</subfield>
    <subfield code="9">51377</subfield>
  </datafield>
  <datafield tag="942" ind1=" " ind2=" ">
    <subfield code="c">DV</subfield>
    <subfield code="2">ddc</subfield>
  </datafield>
  <datafield tag="999" ind1=" " ind2=" ">
    <subfield code="c">107278</subfield>
    <subfield code="d">107278</subfield>
  </datafield>
  <datafield tag="952" ind1=" " ind2=" ">
    <subfield code="0">0</subfield>
    <subfield code="1">0</subfield>
    <subfield code="4">0</subfield>
    <subfield code="6">H_5223_000000000000000</subfield>
    <subfield code="7">1</subfield>
    <subfield code="a">SPICS</subfield>
    <subfield code="b">SPICS</subfield>
    <subfield code="d">2015-01-31</subfield>
    <subfield code="l">0</subfield>
    <subfield code="o">H5223</subfield>
    <subfield code="r">2015-01-31 00:00:00</subfield>
    <subfield code="w">2015-01-31</subfield>
    <subfield code="y">DV</subfield>
    <subfield code="z">Progr. Ins.: 3228 / N.Vol.:1 / Copie: 1 / Pag.:0 / Copia rara: n.d. / date import: 1.2.2015 / By Epidotti, Trombetti, Vaglietti</subfield>
  </datafield>
</record>
